000 00561nam a2200217Ia 4500
003 OSt
005 20220928140149.0
006 a|||||r|||| 00| 0
007 ta
008 220927b |||||||| |||| 00| 0 eng d
024 _a7056
037 _cTextual
040 _aSDCL
_cSDCL
_beng
041 _2eng
_aeng
082 _aX:731.3N<-M50, M1
100 _aFraser W Hamish
_9494284
245 0 _aComing of the mass market, 1850-1914
260 _c1981
942 _hX:731.3N<-M50, M1
_cTEXL
_2CC
999 _c810184
_d810184